000 00758nam a2200217 i 4500
001 110357
003 ES-MaACL
005 20250901062534.0
007 t|
008 061121s1960 sp r ||||1| spa d
100 1 _aOchse, Madeleine.
_986501
245 1 3 _aEl arte sagrado de nuestra epoca /
_cMadeleine Ochse; versión española de Juan Ruiz Calonja.
260 _aAndorra :
_bCasal y Vall,
_c1960.
300 _a155 p. ;
_c18 cm.
490 1 _aYo sé, yo creo : enciclopedia del católico en el siglo XX
650 4 _aSimbolismo cristiano.
_917106
700 1 _aRuiz Calonja, J.
_9100685
830 0 0 _aYo sé, yo creo: enciclopedia del católico del siglo XX
_9186579
852 _aES-MaACL
_jC-18994
_bR.47030
999 _c110357
_d110357